000 01376nam a22003497a 4500
003 CHAP
005 20220817041620.0
008 971013s r 00010 d
010 _a19777
011 _a20749
035 _a24837
040 _cCHAP
082 _a633.11
_bC45t
110 _aCentro Internacional de Mejoramiento de Maíz y Trigo
245 _aResults of the International Triticale Yield Nursery, 19
260 _aMéxico :
_b(El Centro),
_c19 -
300 _av.
500 _aLa biblioteca tiene: 1969-70, 1976-77, 1978-79,
590 _aBATCH-UPD
_b10
_c20130110
_lUCH01
_h0021
590 _aBATCH-UPD
_b10
_c20130110
_lUCH01
_h2325
590 _aCONVERSION
_b10
_c20130109
_lUCH01
_h1312
650 1 4 _aTriticale
_xMejoramiento.
_9115219
650 1 4 _aTriticale
_xRendimiento.
_9115225
901 _aBK
942 _cLIBRO
949 _a633.11 C45t
_bBC
_cLIBRO
_d33724000192712
_eLIBRO
_f1970-72
_h33942
_i24837
_si
949 _a633.11 C45t
_bBC
_cLIBRO
_d33724000192720
_eLIBRO
_f1970-72 c.2
_h33943
_i24837
_si
949 _a633.11 C45t
_bBC
_cLIBRO
_d33724000192811
_eLIBRO
_f1969-70
_h33939
_i24837
_si
949 _a633.11 C45t
_bBC
_cLIBRO
_d33724000192845
_eLIBRO
_f1969-70 c.2
_h33940
_i24837
_si
949 _a633.11 C45t
_bBC
_cLIBRO
_d33724000192902
_eLIBRO
_f1978-79
_h65034
_i24837
_si
949 _a633.11 C45t
_bBC
_cLIBRO
_d33724000193009
_eLIBRO
_f1976-77
_h60514
_i24837
_si
999 _c19777
_d19777